000 00569cab a2200205 4500
001 X1497
008 090401t1984 xxu||||| |||| 00| 0 eng d
035 _a(Sirsi) u17404
041 _aeng
245 _aInstitution plays leading role at property exhibition
260 _c1984
350 _a0
490 _aCSM (Chartered Surveyor Monthly)
_v3(8) May 1984 12(1)
650 _aEUROPEAN SOCIETY OF CHARTERED SURVEYORS
650 _aMIPIM
650 _aRICS
690 _aMANAGEMENT-BUSINESS MANAGEMENT-PROFESSIONAL PRACTICE
942 _n0
948 _c04/03/1997
999 _c11543
_d11543